[Event "World Blitz Women 2022"]
[Site "Almaty KAZ"]
[Date "2022.12.30"]
[Round "11.32"]
[White "Hajiyeva, Laman"]
[Black "Eric, Jovana"]
[Result "1-0"]
[WhiteTitle "WFM"]
[BlackTitle "WGM"]
[WhiteElo "2135"]
[BlackElo "2236"]
[WhiteFideId "13415875"]
[BlackFideId "938238"]
[EventDate "2022.12.29"]

1. e4 c5 2. c3 e6 3. d4 d5 4. exd5 exd5 5. Nf3 Nc6 6. Bb5 Bd6 7. dxc5 Bxc5 8.
O-O Ne7 9. Bg5 O-O 10. Nbd2 h6 11. Bh4 Bd6 12. Nb3 Qc7 13. Bg3 Bxg3 14. hxg3 a6
15. Bd3 Bg4 16. Qc2 Rad8 17. Nfd4 Ne5 18. Be2 Bxe2 19. Qxe2 Nc4 20. Rfe1 Rfe8
21. Nc1 Nf5 22. Qxe8+ Rxe8 23. Rxe8+ Kh7 24. Nxf5 Qd7 25. Nxg7 Kxg7 26. Re2 d4
27. cxd4 Qxd4 28. Nb3 Qd3 29. Rae1 b6 30. Nc1 Qd4 31. Re4 Qd5 32. R4e2 a5 33. b3
Nd6 34. Re5 Qd2 35. R5e2 Qd4 36. Kf1 Nf5 37. Re4 Qd2 38. Rg4+ Kh7 39. Rf4 Kg6
40. Rg4+ Kh7 41. Rf4 Kg6 42. Rg4+ Kh7 43. Rf4 Kg6 44. Ne2 Qxa2 45. g4 Nd6 46.
Nd4 Qd2 47. g3 Qd3+ 48. Kg2 b5 49. Re5 a4 50. bxa4 bxa4 51. Rd5 Qa6 52. Nc2 Qb7
53. Ne3 a3 54. Kh2 a2 55. Rxd6+ Kg7 56. Nf5+ Kh7 57. Rxh6+ Kg8 58. Ra4 f6 59.
Rxa2 Qb3 60. Ra8+ Kf7 61. Rh7+ Ke6 62. Nd4+ Kd5 1-0

[Event "World Blitz Women 2022"]
[Site "Almaty KAZ"]
[Date "2022.12.30"]
[Round "11.33"]
[White "Garifullina, Leya"]
[Black "Petrova, Irina"]
[Result "1-0"]
[WhiteTitle "IM"]
[BlackTitle "WIM"]
[WhiteElo "2357"]
[BlackElo "2123"]
[WhiteFideId "34127035"]
[BlackFideId "14124122"]
[EventDate "2022.12.29"]

1. e4 d6 2. d4 Nf6 3. Nc3 e5 4. Nf3 Nbd7 5. Bc4 Be7 6. O-O c6 7. a4 h6 8. h3 Qc7
9. Re1 g5 10. dxe5 dxe5 11. Nh2 Nf8 12. Nf1 Ng6 13. Ng3 Kf8 14. Nf5 Bxf5 15.
exf5 Nf4 16. Bf1 Rd8 17. Qf3 h5 18. Qe3 Bd6 19. Qxa7 Qd7 20. a5 Qxf5 21. Qxb7 g4
22. h4 g3 23. fxg3 Bc5+ 24. Be3 Bxe3+ 25. Rxe3 N4d5 26. Nxd5 cxd5 27. Rf3 Qg6
28. Qb6 Kg7 29. a6 e4 30. Rf4 d4 31. a7 d3 32. cxd3 exd3 33. Rfa4 d2 34. Be2
Qxg3 35. Qf2 Qd6 36. Bd1 Ng4 37. Bxg4 hxg4 38. Rxg4+ Kh7 39. Rd1 Qd5 40. Rg5 1-0

[Event "World Blitz Women 2022"]
[Site "Almaty KAZ"]
[Date "2022.12.30"]
[Round "11.34"]
[White "Nakhbayeva, Guliskhan"]
[Black "Serikbay, Assel"]
[Result "1-0"]
[WhiteTitle "IM"]
[BlackTitle "WIM"]
[WhiteElo "2326"]
[BlackElo "2230"]
[WhiteFideId "13704788"]
[BlackFideId "13706799"]
[EventDate "2022.12.29"]

1. d4 d5 2. c4 c6 3. Nf3 Nf6 4. Nbd2 g6 5. e3 Bg7 6. b4 O-O 7. Bb2 Bg4 8. Bd3
Nbd7 9. h3 Bxf3 10. Nxf3 dxc4 11. Bxc4 Nb6 12. Bd3 Nbd5 13. Qb3 a5 14. b5 a4 15.
Qc4 Qa5+ 16. Ke2 a3 17. Bc1 cxb5 18. Qb3 b4 19. Re1 Rac8 20. Bd2 Nc3+ 21. Kf1
Nfe4 22. Bxe4 Nxe4 23. Bxb4 Qb5+ 24. Kg1 Rfe8 25. Qxa3 Ra8 26. Qb3 e6 27. a4 Qd7
28. Rec1 Rec8 29. a5 Qb5 30. Rxc8+ Rxc8 31. Rb1 Qe2 32. Be1 Rc2 33. Qb5 Qxb5 34.
Rxb5 Nd6 35. Rb6 Bf8 36. Kf1 Rc1 37. Ke2 Ra1 38. Ne5 f6 39. Nd7 Nc4 40. Rxb7
Ra2+ 41. Kf3 Be7 42. Rb8+ Kf7 43. Ra8 e5 44. d5 f5 45. g3 e4+ 46. Kg2 Re2 47.
Bc3 Nxe3+ 48. Kg1 Nd1 49. Ne5+ Kg7 50. Bd4 Bf6 51. Ra7+ Kg8 52. Ra8+ Kg7 53.
Ra7+ Kg8 54. d6 Rd2 55. Ra8+ Kg7 56. Ra7+ Kg8 57. Ra8+ Kg7 58. Ra7+ Kg8 59. Ra8+
Kg7 60. Ba1 Rxd6 61. Nc4 Rc6 62. Ra7+ Kh6 63. Bxf6 Rxf6 64. a6 Nc3 65. Ra8 Nb5
66. Rb8 Na7 67. Nb6 Rc6 68. Rb7 Nb5 69. h4 Rc1+ 70. Kg2 Rc2 71. Nd5 Nd6 72. Rd7
Nb5 73. Nf6 g5 74. h5 Rc7 75. Rxc7 Nxc7 76. a7 Na8 77. Kf1 Kg7 78. Nd5 Kf7 79.
Ke2 Ke6 80. Nc3 Kd6 81. g4 fxg4 82. Ke3 Kc6 83. Kxe4 Kb7 84. Kf5 Kxa7 85. Kxg5
Kb6 86. Kh6 Nc7 87. Kxh7 Ne6 88. Kg6 Kc6 89. h6 Kd6 90. Kf6 Nf8 91. Ne4+ Kd5 92.
Ng5 Kc4 93. Kf7 Nd7 94. h7 Ne5+ 95. Kf6 Kd5 1-0

[Event "World Blitz Women 2022"]
[Site "Almaty KAZ"]
[Date "2022.12.30"]
[Round "11.35"]
[White "Mammadova, Gulnar"]
[Black "Kirchei, Viktoriia"]
[Result "1-0"]
[WhiteTitle "IM"]
[BlackTitle "WFM"]
[WhiteElo "2376"]
[BlackElo "2070"]
[WhiteFideId "13403508"]
[BlackFideId "34133396"]
[EventDate "2022.12.29"]

1. e4 d6 2. d4 Nf6 3. Nc3 e5 4. Nf3 Nbd7 5. Bc4 Be7 6. a4 a5 7. Ng5 O-O 8. Bxf7+
Rxf7 9. Ne6 Qe8 10. Nxc7 Qd8 11. Nxa8 b6 12. Be3 Bb7 13. dxe5 dxe5 14. Nxb6 Nxb6
15. Qxd8+ Bxd8 16. O-O-O Rf8 17. Rxd8 Rxd8 18. Bxb6 Ra8 19. f3 Nd7 20. Be3 Bc6
21. Rd1 Kf7 22. b3 Rc8 23. Kb2 Ke6 24. Nb5 Ke7 25. Bg5+ Kf8 26. Na7 1-0

[Event "World Blitz Women 2022"]
[Site "Almaty KAZ"]
[Date "2022.12.30"]
[Round "11.36"]
[White "Kairbekova, Amina"]
[Black "Muminova, Nafisa"]
[Result "1-0"]
[WhiteTitle "WIM"]
[BlackTitle "WGM"]
[WhiteElo "2209"]
[BlackElo "2274"]
[WhiteFideId "13712799"]
[BlackFideId "14201526"]
[EventDate "2022.12.29"]

1. e4 e6 2. d4 d5 3. Nc3 Nf6 4. e5 Nfd7 5. f4 c5 6. Nf3 Nc6 7. Be3 Qb6 8. Na4
Qa5+ 9. c3 b6 10. Bd2 c4 11. b4 Nxb4 12. cxb4 Bxb4 13. Rc1 Bxd2+ 14. Nxd2 b5 15.
Nc5 Nxc5 16. dxc5 O-O 17. h4 Bb7 18. h5 h6 19. Rh3 d4 20. Rg3 f5 21. Kf2 d3 22.
Kg1 Bd5 23. Bxd3 cxd3 24. Rxd3 Rac8 25. a3 b4 26. axb4 Qxb4 27. Nf3 Rxc5 28.
Rxc5 Qxc5+ 29. Kh2 Rc8 30. Nd4 a5 31. Nxf5 Rf8 32. Ne3 Rxf4 33. Nxd5 exd5 34.
Rxd5 Qc3 35. Rd8+ Kh7 36. g3 Rf2+ 37. Kh3 Rf3 38. Qb1+ 1-0

[Event "World Blitz Women 2022"]
[Site "Almaty KAZ"]
[Date "2022.12.30"]
[Round "11.37"]
[White "Lhotska, Anna"]
[Black "Bayasgalan, Khishigbaatar"]
[Result "1-0"]
[WhiteTitle "WFM"]
[BlackTitle "WCM"]
[WhiteElo "2159"]
[BlackElo "1811"]
[WhiteFideId "376183"]
[BlackFideId "4904311"]
[EventDate "2022.12.29"]

1. e4 c5 2. Nf3 e6 3. d4 cxd4 4. Nxd4 a6 5. Nc3 Qc7 6. g3 Nf6 7. Bg2 d6 8. O-O
Be7 9. Re1 Nc6 10. Nxc6 bxc6 11. e5 dxe5 12. Rxe5 O-O 13. Re1 Rd8 14. Qe2 Bb7
15. Bf4 Qa5 16. Qe5 Qxe5 17. Bxe5 Nd5 18. Na4 a5 19. Rad1 h6 20. a3 Ba6 21. b3
Bb5 22. c4 Bxa4 23. bxa4 Nb6 24. Bxc6 Rxd1 25. Rxd1 Rc8 26. Bb5 Nxc4 27. Rc1 Nb6
28. Rxc8+ Nxc8 29. Bc7 Bxa3 30. Bxa5 Nd6 31. Bc6 Nc4 32. Bc3 Bc5 33. Bb5 Nd6 34.
Bd3 Kf8 35. a5 Ke7 36. Kf1 Kd7 37. Ke2 Kc6 38. Bxg7 h5 39. Bc3 f5 40. Kf3 Nf7
41. Bc4 Kd6 42. a6 Ng5+ 43. Ke2 Ne4 44. Be1 Ba7 45. f3 Nf6 46. Bb4+ Kd7 47. Bb5+
Kc7 48. Bc4 Kd7 49. Kd3 Ne8 50. Bb5+ Kd8 51. Kc4 Nc7 52. Bc5 Bb8 53. Bb6 Kc8 54.
Kc5 Na8 55. a7 Be5 56. Bc6 Nxb6 57. Kxb6 Bd4+ 58. Ka6 Bxa7 59. Kxa7 Kc7 60. Bb7
e5 61. Ba8 Kd6 62. Kb6 f4 63. gxf4 exf4 64. h3 Ke5 65. Kc5 Kf5 66. Kd5 Kg5 67.
Bb7 Kh4 68. Bc8 Kg3 69. Ke4 h4 70. Bd7 Kh2 71. Kxf4 1-0

[Event "World Blitz Women 2022"]
[Site "Almaty KAZ"]
[Date "2022.12.30"]
[Round "11.38"]
[White "Borisova, Ekaterina"]
[Black "Yao, Lan"]
[Result "1-0"]
[WhiteTitle "FM"]
[BlackTitle "WIM"]
[WhiteElo "2223"]
[BlackElo "2271"]
[WhiteFideId "34124184"]
[BlackFideId "8610835"]
[EventDate "2022.12.29"]

1. d4 Nf6 2. c4 e6 3. g3 d5 4. Bg2 dxc4 5. Nf3 a6 6. O-O Nc6 7. Qc2 Nxd4 8. Nxd4
Qxd4 9. Nd2 Be7 10. Nxc4 Qc5 11. Be3 Qf5 12. Qxf5 exf5 13. Na5 Ne4 14. Rac1 Bb4
15. Nb3 Bd6 16. g4 Be6 17. gxf5 Bxf5 18. Nd4 Bg6 19. f3 Nf6 20. f4 Be4 21. Bxe4
Nxe4 22. Nf5 O-O 23. Rc4 Rfe8 24. Rd1 g6 25. Nxd6 Nxd6 26. Rc3 Nf5 27. Rdd3 c6
28. Kf2 Re6 29. Bb6 Rae8 30. e3 Nd6 31. Kf3 Kg7 32. a4 f6 33. Rb3 Nf5 34. Bc5 b5
35. a5 Nh6 36. Rd7+ Nf7 37. Rbd3 Kg8 38. b4 g5 39. Ra7 gxf4 40. exf4 Re1 41.
Rdd7 Nh6 42. Rg7+ Kh8 43. Rxh7+ 1-0

[Event "World Blitz Women 2022"]
[Site "Almaty KAZ"]
[Date "2022.12.30"]
[Round "11.39"]
[White "Lu, Miaoyi"]
[Black "Balakanova, Bakhyt"]
[Result "1-0"]
[BlackTitle "WFM"]
[WhiteElo "2399"]
[BlackElo "2005"]
[WhiteFideId "8618020"]
[BlackFideId "13705881"]
[EventDate "2022.12.29"]

1. e4 Nf6 2. e5 Nd5 3. d4 d6 4. c4 Nb6 5. f4 Bf5 6. Nc3 e6 7. Be3 Nc6 8. Nf3 Be7
9. Be2 O-O 10. O-O d5 11. c5 Nd7 12. a3 a5 13. Bd3 Bg4 14. Qc2 h6 15. h3 Bxf3
16. Rxf3 Bxc5 17. dxc5 d4 18. Bf2 dxc3 19. Qxc3 Ne7 20. Rd1 Nd5 1-0

[Event "World Blitz Women 2022"]
[Site "Almaty KAZ"]
[Date "2022.12.30"]
[Round "11.40"]
[White "Schulze, Lara"]
[Black "Kaliakhmet, Elnaz"]
[Result "1-0"]
[WhiteTitle "FM"]
[BlackTitle "WFM"]
[WhiteElo "2284"]
[BlackElo "1786"]
[WhiteFideId "12956830"]
[BlackFideId "13730169"]
[EventDate "2022.12.29"]

1. e4 c5 2. Nf3 e6 3. b3 b6 4. d4 cxd4 5. Nxd4 Bb7 6. Bd3 Nf6 7. Qe2 d6 8. Bb2
Be7 9. O-O O-O 10. c4 Nbd7 11. Nc3 Rc8 12. Rad1 Qc7 13. Kh1 Qb8 14. f4 g6 15. f5
e5 16. Nc2 Nc5 17. Bc1 Qa8 18. Nd5 Nxd5 19. cxd5 a5 20. Bb5 Ba6 21. a4 Nxb3 22.
Bxa6 Rc3 23. f6 Nxc1 24. Rxc1 Bd8 25. Bb5 Bc7 26. Qd2 Rc5 27. Qh6 1-0

[Event "World Blitz Women 2022"]
[Site "Almaty KAZ"]
[Date "2022.12.30"]
[Round "11.41"]
[White "Kaldarova, Ayaulym"]
[Black "Gaboyan, Susanna"]
[Result "1-0"]
[BlackTitle "WIM"]
[WhiteElo "1832"]
[BlackElo "2200"]
[WhiteFideId "13720503"]
[BlackFideId "13303627"]
[EventDate "2022.12.29"]

1. Nf3 Nf6 2. c4 g6 3. Nc3 d5 4. cxd5 Nxd5 5. Qb3 Nb6 6. d4 Bg7 7. e4 O-O 8. Be3
Nc6 9. Rd1 Bg4 10. d5 Ne5 11. Be2 Nxf3+ 12. gxf3 Bh3 13. Rg1 Qc8 14. Rg3 c6 15.
a4 cxd5 16. a5 d4 17. Bxd4 Be6 18. Qb4 Nc4 19. f4 Bxd4 20. Rxd4 Rd8 21. Rxd8+
Qxd8 22. Bxc4 Qd4 23. Qxb7 Rd8 24. Rd3 Qxc4 25. Rxd8+ Kg7 26. Qb5 Qc7 27. Qe5+
Qxe5 28. fxe5 f6 29. exf6+ Kxf6 30. Nd5+ Ke5 31. Nxe7 Kxe4 32. Nc6 a6 33. Nb4
Bc4 34. Rd7 h5 35. Rd6 g5 36. Nxa6 Ke5 37. Rh6 h4 38. Nc5 Kd4 39. Ne6+ Ke5 40.
Nxg5 Kf4 41. Ne6+ Kf5 42. Nd4+ Kg5 43. Rc6 Bd5 44. Rc5 Kf4 45. Rxd5 h3 46. a6
Ke4 47. Rd8 Kd3 48. a7 Ke4 49. a8=Q+ Kd3 50. Qa3+ Ke4 51. Qe3# 1-0

[Event "World Blitz Women 2022"]
[Site "Almaty KAZ"]
[Date "2022.12.30"]
[Round "11.42"]
[White "Nomindalai, Tumurbaatar"]
[Black "Samaganova, Aleksandra"]
[Result "1-0"]
[WhiteTitle "CM"]
[BlackTitle "WFM"]
[WhiteElo "2132"]
[BlackElo "1884"]
[WhiteFideId "4904095"]
[BlackFideId "13800221"]
[EventDate "2022.12.29"]

1. d4 Nf6 2. c4 e6 3. g3 d5 4. Nf3 Be7 5. Bg2 O-O 6. O-O c5 7. dxc5 Bxc5 8. Nbd2
Nc6 9. Nb3 Be7 10. cxd5 exd5 11. h3 h6 12. Be3 Bf5 13. Rc1 Qd7 14. Kh2 Rfd8 15.
Nc5 Bxc5 16. Bxc5 Be4 17. Bd4 Qe6 18. Re1 Rac8 19. Qd2 b6 20. b3 Qe7 21. Bb2 Bg6
22. Nd4 Ne5 23. a4 Re8 24. Rxc8 Rxc8 25. Rc1 Rxc1 26. Qxc1 Kh7 27. Qc8 Qd7 28.
Qxd7 Nfxd7 29. f4 Nc6 1-0

[Event "World Blitz Women 2022"]
[Site "Almaty KAZ"]
[Date "2022.12.30"]
[Round "11.43"]
[White "Foudzi, Siti Zulaikha"]
[Black "Nasybullina, Alfia"]
[Result "0-1"]
[WhiteTitle "WIM"]
[BlackTitle "WIM"]
[WhiteElo "2136"]
[BlackElo "2027"]
[WhiteFideId "5700965"]
[BlackFideId "4132416"]
[EventDate "2022.12.29"]

1. e4 e6 2. d4 d5 3. Nd2 c5 4. exd5 Qxd5 5. Ngf3 cxd4 6. Bc4 Qd6 7. O-O Nf6 8.
Nb3 Nc6 9. Nbxd4 Nxd4 10. Nxd4 a6 11. Be2 Qc7 12. Bf3 Bd6 13. h3 O-O 14. c3 Rd8
15. Qe2 e5 16. Nb3 Bf5 17. g4 Be6 18. Re1 Bc4 19. Qe3 Re8 20. Nd2 Bc5 21. Qg5
Bd3 22. Ne4 Nxe4 23. Bxe4 Bxe4 24. Rxe4 Rad8 25. Be3 f6 26. Qf5 Bxe3 27. Rxe3
Rd2 28. g5 fxg5 29. Qxg5 Qf7 30. Rf1 Qf6 31. Rxe5 Qxg5+ 32. Rxg5 Rxb2 33. Rd1
Re7 34. a4 Rc2 35. Rd3 h6 36. Rg4 Re1+ 37. Kg2 Ree2 38. Rf3 Re7 39. Kg3 Rc7 40.
Rb4 R2xc3 41. Rxc3 Rxc3+ 42. Kf4 Rc7 43. Rb6 Kf7 44. h4 Rc4+ 45. Ke5 Rxa4 46. h5
Ra5+ 47. Kf4 Rxh5 48. Rxb7+ Kg8 49. Ra7 Ra5 50. Kg4 Kh7 51. f4 Kg6 52. f5+ Rxf5
53. Rxa6+ Rf6 54. Ra5 Rb6 55. Kh4 Kf6 56. Kg4 g6 57. Kh4 Rb4+ 58. Kg3 h5 59.
Ra6+ Kg5 60. Ra5+ Kh6 61. Kh3 Rf4 62. Kg3 Rf5 63. Ra4 Kg5 64. Kh3 Rf3+ 65. Kg2
Re3 66. Ra5+ Kf6 67. Ra6+ Kf5 68. Ra5+ Re5 69. Ra4 g5 70. Kg3 Re3+ 71. Kf2 Re5
72. Kg3 Rd5 73. Ra3 h4+ 74. Kh3 Re5 75. Rf3+ Kg6 76. Kg4 Re4+ 0-1

[Event "World Blitz Women 2022"]
[Site "Almaty KAZ"]
[Date "2022.12.30"]
[Round "11.44"]
[White "Tereladze, Sopio"]
[Black "Sultanbek, Zeinep"]
[Result "1-0"]
[WhiteTitle "WIM"]
[BlackTitle "WIM"]
[WhiteElo "2215"]
[BlackElo "1891"]
[WhiteFideId "13600486"]
[BlackFideId "13710419"]
[EventDate "2022.12.29"]

1. Nf3 Nf6 2. b3 e6 3. Bb2 c5 4. e3 b6 5. c4 Bb7 6. Be2 Be7 7. O-O O-O 8. Nc3 d5
9. cxd5 exd5 10. d4 Nbd7 11. Rc1 Rc8 12. Ne5 cxd4 13. exd4 Ne4 14. Nxe4 Rxc1 15.
Qxc1 dxe4 16. Bc4 Bd6 17. h3 Qe7 18. Nxd7 Qxd7 19. a4 Bb8 20. Qg5 Qd6 21. g3 Qd8
22. Qg4 Bd5 23. Re1 f5 24. Qe2 Kh8 25. Bxd5 Qxd5 26. Qc4 Qd6 27. d5 Qh6 28. Qd4
Bd6 29. Rd1 Be7 30. Kg2 Bf6 31. Qd2 e3 32. fxe3 Bxb2 33. Qxb2 Qxe3 34. Qd2 Qe4+
35. Kg1 h6 36. d6 f4 37. d7 Qf3 38. d8=Q Qxg3+ 39. Qg2 Qe3+ 40. Kh1 Rxd8 41.
Rxd8+ Kh7 42. Rd1 f3 43. Qg3 Qe2 44. Re1 Qd2 45. Rf1 f2 46. Qxf2 Qd5+ 47. Qf3
Qd2 48. Qf5+ Kh8 49. Qf8+ Kh7 50. Qf5+ Kh8 51. Qf3 Qd4 52. Rf2 a5 53. Qf4 Qd1+
54. Kg2 Qxb3 55. Qf8+ Kh7 56. Qf5+ Kh8 57. Qe4 Qa3 58. Qa8+ Kh7 59. Qe4+ Kh8 60.
Qf4 Qb3 61. Rd2 Qe6 62. Qf8+ Kh7 63. Qf4 Qc6+ 64. Kg3 Qg6+ 65. Kf3 Qh5+ 66. Qg4
Qf7+ 67. Kg2 Qb7+ 68. Qf3 Qe7 69. Re2 Qg5+ 70. Qg4 Qd8 71. Qe4+ g6 72. Qe7+ Qxe7
73. Rxe7+ Kg8 74. Re6 Kf7 75. Rxb6 h5 76. Rb5 1-0

[Event "World Blitz Women 2022"]
[Site "Almaty KAZ"]
[Date "2022.12.30"]
[Round "11.45"]
[White "Assylkhan, Asiya"]
[Black "Mikhaylova, Irina"]
[Result "1-0"]
[BlackTitle "WGM"]
[WhiteElo "1430"]
[BlackElo "2257"]
[WhiteFideId "13752707"]
[BlackFideId "4109040"]
[EventDate "2022.12.29"]

1. d4 Nf6 2. c4 g6 3. g3 c6 4. Bg2 d5 5. e3 Bg7 6. Nf3 O-O 7. Qe2 b6 8. Nc3 dxc4
9. Ne5 Qc7 10. O-O Nfd7 11. Nxd7 Qxd7 12. Rd1 Ba6 13. d5 c5 14. d6 Bb7 15. dxe7
Qxe7 16. Nd5 Bxd5 17. Bxd5 Nd7 18. Bxa8 Rxa8 19. Qxc4 Ne5 20. Qe2 Qb7 21. e4 c4
22. Bd2 Nd3 23. Bc3 Bxc3 24. bxc3 b5 25. Rab1 Qc6 26. f3 a5 27. a3 Qc5+ 28. Kg2
Qxa3 29. Rxb5 Qxc3 30. Rdb1 a4 31. e5 a3 32. e6 a2 33. exf7+ Kg7 34. Rf1 a1=Q
35. Rxa1 Qxa1 36. Qe7 Ra2+ 37. Kh3 Qf1+ 38. Kg4 h5+ 39. Kg5 Qc1+ 40. f4 1-0

[Event "World Blitz Women 2022"]
[Site "Almaty KAZ"]
[Date "2022.12.30"]
[Round "11.46"]
[White "Chen, Jocelyn"]
[Black "Machlik, Monika"]
[Result "0-1"]
[WhiteTitle "WCM"]
[WhiteElo "1854"]
[BlackElo "2114"]
[WhiteFideId "30947154"]
[BlackFideId "1513621"]
[EventDate "2022.12.29"]

1. e4 c6 2. d4 d5 3. Nd2 dxe4 4. Nxe4 Bf5 5. Ng3 Bg6 6. h4 h6 7. Bd3 Bxd3 8.
Qxd3 e6 9. Nf3 Nd7 10. Bf4 Qa5+ 11. Bd2 Qc7 12. O-O-O Ngf6 13. Ne4 O-O-O 14. g3
Nc5 15. Nxc5 Bxc5 16. Bf4 Bd6 17. Bxd6 Rxd6 18. Qe3 Ng4 19. Qe2 Re8 20. Ne5 Nxe5
21. dxe5 Rxd1+ 22. Rxd1 Rd8 23. f4 g6 24. h5 Rxd1+ 25. Qxd1 Qb6 26. hxg6 Qe3+
27. Qd2 Qg1+ 28. Qd1 Qe3+ 29. Qd2 Qg1+ 30. Qd1 Qxg3 31. gxf7 Qxf4+ 32. Qd2 Qf1+
33. Qd1 Qxf7 34. Qe1 h5 35. b3 Qf4+ 36. Kb2 h4 37. Qg1 Qxe5+ 38. Kb1 Qf6 39.
Qg8+ Kc7 40. Qh7+ Kb6 41. Qe4 Qh6 42. Qd4+ Kc7 43. Qe5+ Kd7 44. Qd4+ Ke7 45.
Qxa7 h3 46. Qxb7+ Kf6 47. Qxc6 h2 48. Qf3+ Kg7 49. Qg2+ Kf7 50. Qb7+ Kg6 51.
Qe4+ Kf6 52. Qf3+ Ke5 53. Qe2+ Kf5 54. Qf3+ Qf4 55. Qh3+ Ke5 56. Qh5+ Kd4 57.
Kb2 e5 58. c3+ Kd3 59. Qd1+ Qd2+ 60. Qxd2+ Kxd2 61. c4 h1=Q 62. c5 Qc1# 0-1

[Event "World Blitz Women 2022"]
[Site "Almaty KAZ"]
[Date "2022.12.30"]
[Round "11.47"]
[White "Kim, Kristina"]
[Black "Bauyrzhan, Arnash"]
[Result "1-0"]
[WhiteTitle "WCM"]
[WhiteElo "1930"]
[BlackElo "2041"]
[WhiteFideId "13712438"]
[BlackFideId "13706322"]
[EventDate "2022.12.29"]

1. d4 d5 2. Bf4 Nf6 3. e3 e6 4. c4 Bd6 5. Bg3 O-O 6. Nc3 b6 7. cxd5 exd5 8. Nf3
h6 9. Bd3 Be6 10. Rc1 c5 11. Ne5 Bxe5 12. dxe5 Nfd7 13. O-O Nc6 14. f4 d4 15.
exd4 cxd4 16. Nb5 Nc5 17. a3 Qd7 18. b4 Nxd3 19. Qxd3 Bf5 20. Qd2 a5 21. Nd6 Ne7
22. Qxd4 axb4 23. axb4 Ra2 24. Rf2 Rfa8 25. Rxa2 Rxa2 26. Bf2 b5 27. Qc5 Rb2 28.
Nxf5 Nxf5 29. Qc8+ Qxc8 30. Rxc8+ Kh7 31. Bc5 Rc2 32. Rb8 Rc4 33. g3 Nd4 34.
Bxd4 Rxd4 35. Rxb5 Kg6 36. Kf2 Kf5 37. Ke3 Rc4 38. Rb7 f6 39. exf6 gxf6 40. b5
Rc3+ 41. Kf2 Rc2+ 42. Kg1 Kg4 43. Ra7 Kf3 44. Ra3+ Kg4 45. Rb3 h5 46. b6 h4 47.
b7 h3 48. b8=Q Rc1+ 49. Kf2 Rc2+ 50. Ke3 1-0

[Event "World Blitz Women 2022"]
[Site "Almaty KAZ"]
[Date "2022.12.30"]
[Round "11.48"]
[White "Martins de Aguiar, Marina"]
[Black "Balakanova, Gulnar"]
[Result "0-1"]
[BlackTitle "WFM"]
[WhiteElo "1877"]
[BlackElo "1743"]
[WhiteFideId "2143321"]
[BlackFideId "13705890"]
[EventDate "2022.12.29"]

1. e4 c5 2. d4 cxd4 3. c3 dxc3 4. Nxc3 Nc6 5. Nf3 e6 6. Bc4 a6 7. Bf4 Bb4 8. O-O
Bxc3 9. bxc3 Nge7 10. Bd6 O-O 11. Qd2 h6 12. Rad1 Re8 13. Rfe1 Ng6 14. h3 Qf6
15. Nh2 b5 16. Bb3 Na5 17. Ng4 Qg5 18. Qd4 Nxb3 19. axb3 h5 20. Nh2 h4 21. Nf3
Qh5 22. Qe3 Bb7 23. Ba3 Bc6 24. Bd6 a5 25. Nd4 a4 26. Ra1 axb3 27. Nxb3 Qh6 28.
Qf3 Qg5 29. Nd4 Ne5 30. Qe2 Nc4 31. Rad1 Nxd6 32. Nxc6 Nc4 33. Nd4 Qf6 34. Nxb5
Ne5 35. Nd6 Reb8 36. c4 Rb3 37. Rd2 Rab8 38. Red1 Rb1 39. c5 Qf4 40. Qe3 Qxe3
41. fxe3 R1b3 42. Kf2 Rc3 43. Ke2 Rxc5 44. Ra2 Rb3 45. Ra8+ Kh7 46. Rf8 Rc2+ 47.
Kf1 Rbb2 48. Nxf7 Rf2+ 49. Kg1 Nxf7 50. Rxd7 Rxg2+ 51. Kf1 Ne5 52. Rdd8 Rh2 53.
Rh8+ Kg6 54. Rd1 Rbf2+ 55. Kg1 Nf3# 0-1

[Event "World Blitz Women 2022"]
[Site "Almaty KAZ"]
[Date "2022.12.30"]
[Round "12.1"]
[White "Shuvalova, Polina"]
[Black "Assaubayeva, Bibisara"]
[Result "1-0"]
[WhiteTitle "IM"]
[BlackTitle "IM"]
[WhiteElo "2502"]
[BlackElo "2440"]
[WhiteFideId "24171760"]
[BlackFideId "13708694"]
[EventDate "2022.12.29"]

1. d4 Nf6 2. Nf3 g6 3. c4 Bg7 4. Nc3 O-O 5. e4 d6 6. Be2 e5 7. d5 a5 8. h3 Na6
9. Bg5 h6 10. Be3 Nc5 11. Nd2 Ne8 12. g4 f5 13. gxf5 gxf5 14. exf5 Bxf5 15. Bxc5
dxc5 16. Bg4 Nd6 17. Bxf5 Rxf5 18. Qg4 Rf4 19. Qe6+ Kh8 20. O-O-O Qf6 21. b3 e4
22. Qxf6 Bxf6 23. Kc2 Bxc3 24. Kxc3 Rxf2 25. Rde1 a4 26. Rhf1 Rxf1 27. Rxf1 axb3
28. axb3 Rg8 29. Kc2 Rg3 30. h4 e3 31. Nb1 Kg7 32. Nc3 Kg6 33. Rf8 Kh5 34. Rf6
Rg2+ 35. Kd3 Rd2+ 36. Kxe3 Rc2 37. Ne4 Nxe4 38. Kxe4 Re2+ 39. Kd3 Rb2 40. Kc3
Rg2 41. Rf7 Rg3+ 42. Kc2 Rg2+ 43. Kc3 Rg3+ 44. Kc2 Rg2+ 45. Kd3 Rg3+ 46. Ke4
Rxb3 47. Rxc7 Rc3 48. Rxc5 Kxh4 49. d6 Rc1 50. d7 Re1+ 51. Kf5 Rf1+ 52. Ke6 Rf8
53. Ke7 1-0

[Event "World Blitz Women 2022"]
[Site "Almaty KAZ"]
[Date "2022.12.30"]
[Round "12.2"]
[White "Khademalsharieh, Sarasadat"]
[Black "Gunina, Valentina"]
[Result "1-0"]
[WhiteTitle "IM"]
[BlackTitle "GM"]
[WhiteElo "2490"]
[BlackElo "2476"]
[WhiteFideId "12512214"]
[BlackFideId "4167570"]
[EventDate "2022.12.29"]

1. d4 d5 2. c4 c6 3. cxd5 cxd5 4. Nc3 Nf6 5. Bf4 Nc6 6. e3 a6 7. Nf3 Bg4 8. Be2
e6 9. O-O Bd6 10. Ne5 Bxe2 11. Nxe2 Bxe5 12. Bxe5 O-O 13. Rc1 Ne4 14. f3 Nd6 15.
b3 Rc8 16. Qd2 Nf5 17. Rc3 Qa5 18. Rfc1 f6 19. Bg3 e5 20. dxe5 Nxg3 21. hxg3
fxe5 22. a3 Rcd8 23. b4 Qc7 24. Rd3 Qf7 25. Nc3 Ne7 26. Rd1 Nf5 27. g4 e4 28.
Nxe4 Nh4 29. Rxd5 Rde8 30. Rd7 Qg6 31. Qd6 Re6 32. Qd5 Kh8 33. Rd8 Ree8 34. Rxe8
Rxe8 35. Qh5 Qxh5 36. gxh5 Nf5 37. Kf2 Rc8 38. Rd2 g6 39. hxg6 hxg6 40. g4 Ng7
41. Nc5 Rc7 42. Rd8+ Kh7 43. Rd7 Rxd7 44. Nxd7 Ne8 45. Nc5 Nd6 46. e4 Nc4 47.
Nxb7 Nxa3 48. Nc5 Kg7 49. Nxa6 Nb5 50. Ke3 g5 51. e5 Kf7 52. Ke4 Nc3+ 53. Kf5
Nb5 54. Kxg5 Nd4 55. f4 Ke6 56. Nc5+ Kd5 57. e6 1-0

[Event "World Blitz Women 2022"]
[Site "Almaty KAZ"]
[Date "2022.12.30"]
[Round "12.3"]
[White "Goryachkina, Aleksandra"]
[Black "Tan, Zhongyi"]
[Result "0-1"]
[WhiteTitle "GM"]
[BlackTitle "GM"]
[WhiteElo "2584"]
[BlackElo "2518"]
[WhiteFideId "4147103"]
[BlackFideId "8603642"]
[EventDate "2022.12.29"]

1. Nf3 d5 2. d4 Nf6 3. c4 e6 4. Nc3 Be7 5. Bf4 O-O 6. e3 c5 7. dxc5 Bxc5 8. a3
Nc6 9. Be2 dxc4 10. Bxc4 Qe7 11. O-O Rd8 12. Qe2 h6 13. Rac1 e5 14. Bg3 Bg4 15.
Qc2 Bxf3 16. gxf3 Rac8 17. Ba2 Bb6 18. Qf5 Qd7 19. Qxd7 Rxd7 20. Rfd1 Rcd8 21.
Kf1 Rd2 22. Rxd2 Rxd2 23. Na4 Ba5 24. Bb3 g5 25. Rd1 Rxd1+ 26. Bxd1 Nd7 27. b4
Bc7 28. Bb3 b6 29. h4 Kg7 30. hxg5 hxg5 31. Nb2 Kg6 32. Bd5 Ne7 33. Bb7 f5 34.
f4 exf4 35. exf4 gxf4 36. Bh4 Ng8 37. Nd3 Kh5 38. Bd5 Kxh4 39. Bxg8 Kg4 40. Be6
Nf6 41. Bc8 Ne4 42. Bb7 f3 43. Ke1 Bf4 44. Kd1 Nc3+ 45. Kc2 Nb5 46. a4 Nd6 47.
Bd5 Ne4 48. a5 bxa5 49. bxa5 Bc7 50. a6 Bb6 51. Kd1 Nxf2+ 52. Nxf2+ Bxf2 53. Bc4
Kg3 54. Bf1 Kh2 55. Bd3 f4 56. Be4 Kg2 57. Kd2 Kg3 58. Kd1 Kg2 59. Kd2 Bh4 60.
Kd3 Kf2 61. Kd2 Be7 62. Kd1 Ke3 63. Bc6 Bb4 64. Bd5 f2 65. Bg2 f3 66. Bf1 Kf4
67. Kc2 Kg3 68. Kd3 Kh2 69. Ke3 Kg1 70. Kd4 0-1